Biblioteca diccionarios jurídicos temáticos : juicio de amparo /

Đã lưu trong:
Chi tiết về thư mục
Tác giả chính: Chávez Castillo, Raúl (autor)
Tác giả khác: Pereznieto Castro, Leonel (dirección) (dirección)
Định dạng: Sách
Ngôn ngữ:Tiếng Tây Ban Nha
Được phát hành: México : Harla, 1997, c1997
Loạt:(Biblioteca Diccionarios Jurídicos Temáticos. Primera Serie ; 7)
Những chủ đề:
Các nhãn: Thêm thẻ
Không có thẻ, Là người đầu tiên thẻ bản ghi này!

MARC

LEADER 00000nam^a2200000^a^4500
001 000136236
005 20250521000000.0
009 20260310095311.879
020 |a 970-613-244-9 
037 |a Acervo ITESO - Biblioteca 
041 |a ESP 
082 |a 340. 03  |b HAR TEM S. 1 V. 7 
100 |a Chávez Castillo, Raúl  |e (autor) 
240 1 1 |a [Biblioteca diccionarios jurídicos temáticos] 
245 1 0 |a Biblioteca diccionarios jurídicos temáticos :  |b juicio de amparo /  |c Dir. y presen. de L. Pereznieto Castro ; R. Chávez Castillo. 
264 4 |a México :  |b Harla,  |c 1997, c1997 
300 |a XVII, 112 p. 
336 |a texto  |b txt  |2 rdacontenido 
337 |a sin mediación  |b n  |2 rdamedio 
338 |a volumen  |b nc  |2 rdasoporte 
440 1 |a (Biblioteca Diccionarios Jurídicos Temáticos.  |p Primera Serie ;  |v 7) 
649 |a XX 
650 |a Amparo -  |z México -  |x Enciclopedias y Diccionarios 
650 |a Amparo -  |x Enciclopedias y Diccionarios 
650 |a Derecho Constitucional -  |z México -  |x Enciclopedias y Diccionarios 
650 |a Derecho Federal -  |z México -  |x Enciclopedias y Diccionarios 
650 |a Derecho Procesal -  |z México -  |x Enciclopedias y Diccionarios 
650 |a Derecho Público -  |z México -  |x Enciclopedias y Diccionarios 
650 |a Derecho -  |z México -  |x Enciclopedias y Diccionarios 
650 |a Derecho -  |x Enciclopedias y Diccionarios 
700 |a Pereznieto Castro, Leonel  |e (dirección) 
910 |a Fondo General 
920 |a Impresos - Libros 
930 |a Obras de Referencia 
905 |a 102 
901 |a 0500034431  |b IT2  |c REF  |u 20250521 
902 |a https://opac.biblio.iteso.mx/vufind/Record/000136236